La delincuencia juvenil
Saved in:
| Main Author: | |
|---|---|
| Format: | Book |
| Language: | Spanish |
| Published: |
Barcelona
Labor
1970
|
| Series: | Nueva colección Labor
|
| Subjects: | |
| Tags: |
Add Tag
No Tags, Be the first to tag this record!
|
MARC
| LEADER | 00000nam a2200000 a 4500 | ||
|---|---|---|---|
| 001 | UCY7672 | ||
| 003 | CL-VaPUC | ||
| 008 | 950616e19700000SP |||||||||||||||||spa|d | ||
| 082 | 0 | 4 | |a 364.36 |b WES |2 21 |
| 100 | 0 | |a West, D. J |e author |9 338328 | |
| 245 | 1 | 3 | |a La delincuencia juvenil |
| 300 | |a 306 p | ||
| 942 | |c BK | ||
| 945 | |d 19950616 00:00:00 |a cmena | ||
| 260 | |a Barcelona |b Labor |c 1970 | ||
| 650 | 0 | |a Delincuencia juvenil |9 311188 | |
| 650 | 0 | |a Problemas sociales |9 258537 | |
| 650 | 7 | |a JUVENTUD DESFAVORECIDA |2 CL-VaPUC |9 337697 | |
| 650 | 7 | |a DESVENTAJA SOCIAL |2 CL-VaPUC |9 321790 | |
| 650 | 0 | |a Aplicación de la ley |9 338319 | |
| 650 | 0 | |a Desarrollo individual |9 307875 | |
| 583 | |a last modification |c 19950616 00:00:00 |k Rodrigo Vera | ||
| 490 | 0 | |a Nueva colección Labor | |
| 999 | |c 235002 |d 235000 | ||
| 952 | |0 0 |1 0 |4 0 |6 364_360000000000000_WES_1970 |7 0 |8 P |9 242078 |a BIBEDU |b BIBEDU |d 2019-11-18 |i 1519891 |o 364.36 WES 1970 |p 1519891 |r 2024-01-25 |w 2019-11-18 |y BK |k EDU | ||